| 000 | 00629nam a2200253Ia 4500 | ||
|---|---|---|---|
| 003 | OSt | ||
| 005 | 20220918200205.0 | ||
| 006 | a|||||r|||| 00| 0 | ||
| 007 | ta | ||
| 008 | 220917b |||||||| |||| 00| 0 eng d | ||
| 024 | _a87,825 | ||
| 037 | _cTextual | ||
| 040 |
_aARTS _cARTS _beng |
||
| 041 |
_2eng _aeng |
||
| 082 | _aU:13, H6 | ||
| 100 |
_aWood G L _993095 |
||
| 245 | 0 |
_aPacific Basin _b a human and economic geograpphy |
|
| 250 | _a2nd | ||
| 260 | _c1946 | ||
| 650 | _aGEOGRAPHY | ||
| 700 |
_a McBride P R _993096 |
||
| 942 |
_hU:13, H6 _cTEXL _2CC |
||
| 999 |
_c211515 _d211515 |
||